|
|
|
|
| LEADER |
01106nam a22002892a 4500 |
| 001 |
000135764 |
| 003 |
CZ BrMZK |
| 005 |
20230216072714.0 |
| 007 |
ta |
| 008 |
950101s1991 xr a f 000 0 cze d |
| 015 |
|
|
|a cnb000063493
|
| 020 |
|
|
|a 80-85319-13-6
|q (Brož.)
|
| 040 |
|
|
|a ABA001
|b cze
|d ABA001
|
| 041 |
1 |
|
|a cze
|h eng
|
| 080 |
9 |
|
|a 820-1
|
| 100 |
1 |
|
|a Newman, John Henry,
|d 1801-1890
|7 jn20000604175
|4 aut
|
| 245 |
1 |
0 |
|a Sen starého muže /
|c John Henry Newman ; [z angl.] přel. Vojtěška Mazálková ; ilustr. Sabina Kratochvilová
|
| 260 |
|
|
|a Brno :
|b Cesta,
|c 1991
|e (Blansko :
|f Print)
|
| 300 |
|
|
|a 78 s. :
|b il. ;
|c 17 cm
|
| 500 |
|
|
|a Ilustr. tit. dvoulist
|
| 500 |
|
|
|a Ediční pozn.
|
| 700 |
1 |
|
|a Mazálková, Vojtěška,
|d 1921-1994
|7 ola2006323601
|4 trl
|
| 700 |
1 |
|
|a Kratochvilová, Sabina,
|d 1959-
|7 kpwa6489
|4 ill
|
| 856 |
4 |
1 |
|u http://www.digitalniknihovna.cz/mzk/uuid/uuid:05d533a0-1f75-11e3-a5bb-005056827e52
|y Digitalizovaný dokument
|x NDK
|
| 910 |
|
|
|a BOA001
|b 1-0970.225
|
| 990 |
|
|
|a BK
|
| 996 |
6 |
|
|b 2619958583
|c 1-0970.225
|l MZK
|r Sklad / do 1 hodiny
|n 13
|w 000135764
|u 000010
|a 1
|e BOA001
|j MZK50
|s P
|